• 首页
  • 本馆介绍
  • 公告通知
  • 最新文献
  • 馆藏检索
  • 电子资源
  • 读者导购
  • 参考咨询
  • 我的图书馆
  • 登录
  • 详细信息显示
  • 放入我的书架
  • 预约/预借图书
  • 作者相关作品
  • 分类相关作品
  • 丛书相关作品
  • 出版社相关作品

书目信息

  • 表格格式
  • 工作单格式
  • 卡片格式
书名: Arms and the man
作者: George Bernard Shaw.
分册号:
分册名:
出版地: NEW YORK :
 
出版社: samuel french,inc
出版时间: 1986.
页数: xlii, 85 p. ;
开本: 21cm.
丛书名:
中图分类号:
科图分类号:
其他分类号: I561.35
主题词:
电子资源:
000 00526nam 2200205 a 4500
001 E0737637418
005 20070711111729.54
008 uu
008 1986
020    @a0-573-60104-6.
040    @aNLC
049    @aN5LA
090    @aI561.35
096    @aI561.35 @v2
099    @dI561.35@ex221
100 1  @aShaw, Bernard, @d1856-1950.
245 10 @aArms and the man@6a play in three acts / @cGeorge Bernard Shaw.
260    @aNEW YORK :@bsamuel french,inc.,@c1986.
300    @axlii, 85 p. ;@c21cm.
700    @aShaw, bernard
    
    Arms and the man / George Bernard Shaw.-NEW YORK : : samuel french,inc., , 1986.
    xlii, 85 p. ; ; 21cm.
    
    
    ISBN 0-573-60104-6.
    
●
相关链接 在E读中查询图书 在五车中查询图书 在当当中查询图书 在豆瓣中查询图书


正题名:Arms and the man     索取号:I561.35/x221         预约/预借

序号 登录号 条形码 馆藏地/架位号 状态 备注
1 0011904   300119048   第二样本阅览室/ [索取号:I561.35/x221] 在馆    
唐山师范学院图书馆 欢迎您!
大连网信软件有限公司© 版权所有